000 00452nam a2200145Ia 4500
008 230917s9999||||xx |||||||||||||| ||und||
040 _e176417
_aMAIN
041 _aEnglish
082 _a891.437731 JS781:ST
100 _aजोशी, शरद
245 0 _aयत्रं तंत्र सर्वत्र
260 _aनई दिल्ली
_bभारतीय ज्ञानपीठ
_c2009
300 _a351 पृ. p.
942 _cHN
999 _c155987
_d155987